Mathematics [Journal Which Provides an Advanced Forum for Studies Related to Mathematics]

Enregistré dans:
Détails bibliographiques
Format: Publication en série
Langue:anglais
Publié: Basel MDPI
Tags: Ajouter un tag
Pas de tags, Soyez le premier à ajouter un tag!

MARC

LEADER 00000nls a2200000 4500
001 0278332
005 20250701092114.1
022 |a 2227-7390 
041 0 |a eng 
044 |a CH 
245 1 0 |a Mathematics  |b [Journal Which Provides an Advanced Forum for Studies Related to Mathematics] 
264 1 |a Basel  |b MDPI